000 00621nam a2200181Ia 4500
008 100920s9999 xx 000 0 und d
082 _b47007
_a491.462 थ 83
100 _aकालेलकर मधुसूदन.
245 _aनाते युगायुगाचे.
260 _bमॅजेस्टिक बुक स्टॉल, मुंबई.4.
_c1983
300 _a88
_bसाधी
365 _b15
520 _aनाटक.
630 _aनाते युगायुगाचे.
650 _aनाटक.
730 _aनाते युगायुगाचे.
942 _cBOOK
999 _c694561
_d694558